[Event "RUS-chT Premier League 2018"]
[Site "Sochi"]
[Date "2018.05.03"]
[Round "3"]
[White "Matlakov, Maxim"]
[Black "Usmanov, Vasily"]
[Result "1/2-1/2"]
[WhiteElo "2704"]
[BlackElo "2464"]
[Annotator "TA"]
[PlyCount "80"]
[EventDate "2018.??.??"]
[EventCountry "RUS"]
[SourceTitle "playchess.com"]
[Source "ChessBase"]
[SourceQuality "1"]

{[%evp 9,80,16,8,21,28,32,53,50,58,52,47,12,13,-7,54,49,43,18,43,3,69,4,26,18,39,39,48,47,43,19,48,48,56,0,0,0,0,0,41,0,117,48,27,20,20,28,28,21,35,6,549,522,2479,1649,2125,1731,29990,0,0,0,0,0,0,0,0,0,0,0,0,0,0,0,0]} 1. e4 e6 2. d4 d5 3. e5 c5 4. c3 Qa5 (4... Nc6 5. Nf3 Bd7 6. Be2 Nge7 7. O-O Ng6 8. g3 Be7 9. h4 O-O 10. h5 Nh8 11. h6 g6 12. c4 cxd4 13. cxd5 exd5 14. Na3 f6 15. exf6 Bxf6 16. Nb5 {0-1 (56) Grischuk,A (2750)-Carlsen,M (2832) chess.com INT 2017}) 5. dxc5 Qc7 6. Nf3 {C02: French: Advance Variation} Nc6 7. Be3 Nge7 8. Bd4 {White is slightly better.} Ng6 9. Bb5 Bd7 {[%cal Rc6e5]} 10. Bxc6 Qxc6 11. b4 b6 $146 (11... Qa6 $1 $11) ({Predecessor:} 11... a5 12. a4 Be7 13. O-O {1-0 (53) Klokas,K (2175)-Skalkotas,N (2276) Nea Filadelfia 2008}) 12. cxb6 $14 axb6 13. O-O (13. a4 $5) 13... Be7 14. Nbd2 O-O (14... Ra3 $11) 15. g3 (15. a4 $1 $14) 15... Ra4 16. h4 {[%cal Bh2h4,Bh4h5,Bh5h6][%mdl 32]} Rfa8 17. h5 Nf8 18. h6 $1 g6 19. Nh2 Rxa2 20. Rxa2 Rxa2 21. Ndf3 (21. Ng4 $1 $14) 21... Qc4 $11 22. Qc1 Bb5 23. Qf4 Qd3 24. Bxb6 Qxc3 {[#]} (24... g5 $1 $11 25. Nxg5 Qg6) 25. Rc1 $40 {[%mdl 128] White is up to no good.} (25. Ng4 $1 $16 {[%cal Rg4f6]} Nd7 {[#]} 26. Ng5 $1 {[%mdl 512]}) 25... Ra1 $1 $14 {[%cal Ra1c1]} 26. Rxa1 Qxa1+ 27. Kg2 Nd7 {[#]} 28. Bc5 $1 {[%mdl 512]} Nxc5 29. bxc5 {[%cal Bb4c5,Bc5c6][%mdl 32] Strongly threatening Ng5.} Bd3 $2 {[%mdl 8192]} (29... Bxc5 30. Ng5 $14) (29... Qc3 $1 $11 {and Black is okay.}) 30. c6 $18 Be4 31. Ng4 Kf8 32. Nf6 Bxf6 33. Qxf6 $2 (33. exf6 {mates} Bxf3+ 34. Qxf3 Ke8 35. Qb3 Qxf6 36. c7 Qd8 37. Qb5+ Ke7 38. Qb4+ Qd6 39. c8=N+ Kd7 40. Qxd6+ Kxc8 41. Qf8+ Kd7 42. Qxf7+ Kc6 43. Qxh7) 33... Ke8 $11 {The position is equal.} 34. Qh8+ Ke7 35. Qc8 Bxf3+ $1 36. Kxf3 {Qd7+ would kill now.} Qh1+ 37. Ke2 {White wants to mate with Qd7+.} Qe4+ $1 38. Kf1 {White threatens Qd7+ and mate.} Qh1+ 39. Ke2 {Threatening mate with Qd7+.} Qe4+ $1 40. Kf1 {Intending Qd7+ and mate.} Qh1+ {Precision: White = 55%, Black = 38%.} 1/2-1/2

[Event "RUS-chT Premier League 2018"]
[Site "Sochi"]
[Date "2018.05.03"]
[Round "3"]
[White "Artemiev, Vladislav"]
[Black "Ponkratov, Pavel"]
[Result "1/2-1/2"]
[WhiteElo "2701"]
[BlackElo "2601"]
[Annotator "TA"]
[PlyCount "80"]
[EventDate "2018.??.??"]
[EventCountry "RUS"]
[SourceTitle "playchess.com"]
[Source "ChessBase"]
[SourceQuality "1"]

{[%evp 18,80,25,29,26,24,23,21,22,22,25,19,56,30,66,33,35,38,97,87,120,122,130,121,130,130,130,130,145,121,121,68,83,74,74,74,77,68,68,73,113,125,120,115,108,70,67,47,64,57,53,31,45,22,35,24,28,19,31,0,0,0,0,0,0]} 1. Nf3 d6 2. d4 Nf6 3. g3 g6 4. Bg2 Bg7 5. O-O O-O 6. Re1 c5 7. dxc5 dxc5 8. Qxd8 {A49: 1 d4 Nf6 2 Nf3 g6 3 g3: Anti-King's Indian systems} Rxd8 9. c3 Nc6 (9... Bf5 10. Be3 Nbd7 11. Nbd2 Nd5 12. Nf1 Be4 13. Rad1 Nxe3 14. Nxe3 Nb6 15. Ng5 Bxg2 16. Kxg2 Na4 17. Rb1 b5 {0-1 (45) Ivanchuk,V (2704)-Ponomariov,R (2714) Beijing 2014}) 10. Be3 {LiveBook: 5 Games. White has an edge.} c4 11. Na3 {[%cal Bb1a3,Ba3c4,Bc4d2,Bd2b3,Bb3c5,Bc5e6][%mdl 32]} Nd5 12. Nxc4 b5 13. Ncd2 Nxe3 14. fxe3 {[%cal Bf2e3,Be3e4][%mdl 32]} Bh6 $146 ({Predecessor:} 14... Be6 15. Nf1 Rab8 {1-0 (35) Obukhov,A (2485)-Saveljev,V (2296) Novosibirsk 2002}) 15. Kf2 e5 16. Red1 f5 $1 17. e4 $36 {[%mdl 2048] White has the initiative.} f4 (17... b4 $14) 18. Nb3 $16 Be6 19. gxf4 Bxf4 20. Nc5 Bg4 21. h3 Bxf3 22. Bxf3 b4 23. e3 Bg5 24. Ne6 (24. c4 $16) 24... Rxd1 25. Rxd1 Bh4+ 26. Ke2 bxc3 27. bxc3 Rc8 28. Rd7 Nd8 29. Nxd8 Bxd8 30. Rxa7 {[%mdl 4096] Endgame Black must now prevent Bg4. KRB-KRB} Bg5 31. Ra3 (31. Kd3 {is more complex.} Rd8+ 32. Kc4 Rc8+ 33. Kb3 Rb8+ 34. Kc2) 31... h5 32. Rb3 Ra8 33. Rb2 Kf7 34. Kf2 Bh4+ 35. Kg2 Bg5 36. Bd1 {Black should prevent Kf3.} Bxe3 37. a4 Rc8 38. Kf3 Rxc3 {The position is equal.} 39. Rb3 Bd4+ 40. Rxc3 Bxc3 {Precision: White = 71%, Black = 59%.} 1/2-1/2

[Event "RUS-chT Premier League 2018"]
[Site "Sochi"]
[Date "2018.05.03"]
[Round "3"]
[White "Dubov, Daniil"]
[Black "Potkin, Vladimir"]
[Result "1-0"]
[WhiteElo "2696"]
[BlackElo "2574"]
[Annotator "TA"]
[PlyCount "129"]
[EventDate "2018.??.??"]
[EventCountry "RUS"]
[SourceTitle "playchess.com"]
[Source "ChessBase"]
[SourceQuality "1"]

{[%evp 13,129,18,30,0,0,-10,-11,-18,-3,-11,-9,-18,0,-3,-6,0,11,-1,4,-5,-7,-10,-7,2,125,125,133,127,135,124,129,130,105,67,55,43,68,62,137,135,128,120,129,128,136,139,132,100,146,130,132,129,139,147,146,134,145,127,157,165,129,97,127,112,127,127,184,184,189,192,177,177,177,177,192,192,192,192,192,192,212,211,209,115,124,118,117,104,156,152,212,212,222,198,191,0,191,191,357,347,368,368,356,346,414,411,404,401,392,372,420,395,1693,987,1571,1223,1620,1620]} 1. d4 d5 2. c4 c6 3. Nf3 Nf6 4. Nc3 e6 5. Bg5 h6 6. Bxf6 Qxf6 7. e3 Nd7 8. Nd2 {D43: Semi-Slav: 5 Bg5 h6} (8. Be2 g6 9. O-O Bg7 10. e4 dxc4 11. e5 Qe7 12. Bxc4 O-O 13. Qe2 b5 14. Bd3 Bb7 15. Be4 Rab8 16. Rac1 a6 17. Rfd1 Rfd8 18. a3 c5 19. Bxb7 Rxb7 20. Qe4 Rbb8 21. d5 exd5 22. Nxd5 Qe6 23. Nf4 Qe7 24. Nd5 Qe6 25. Nf4 Qe7 26. Nd5 {½-½ (26) Lenic,L (2662)-Van Wely,L (2656) chess.com INT 2018}) 8... g6 $146 ({Predecessor:} 8... Qg6 9. g3 Be7 10. Bg2 O-O 11. O-O h5 12. h4 Nf6 13. Rc1 Qh6 14. Ne2 Bd6 15. Nf4 Rd8 {½-½ (44) Swatek,W (2099)-Markus,R (2170) ICCF email 2015}) 9. g3 Bg7 10. Bg2 {The position is equal.} O-O 11. O-O Qe7 12. Re1 Rd8 13. Qb3 Rb8 14. Rac1 Nf6 15. Qa4 a6 16. Qc2 b6 17. b4 dxc4 18. Nxc4 c5 (18... Nd5 $1 $11 {remains equal.}) 19. bxc5 bxc5 {[#]} 20. Na5 $1 {[%cal Ra5c6] And now Nc6 would win.} Bd7 {[#]} 21. dxc5 $1 Rdc8 22. c6 Be8 23. Qa4 Rb4 24. Qa3 Bf8 25. Nb3 Qa7 (25... Qd8 $1 $14) 26. Qa5 $16 Qb6 27. Qxb6 Rxb6 28. Red1 Be7 29. Na4 Rb4 30. Nac5 Rb6 31. Nd7 Bxd7 32. cxd7 Rxc1 33. Nxc1 Bd8 34. Nb3 {Threatens to win with Na5.} e5 35. Na5 e4 36. Bh3 {aiming for Rc1.} Kf8 37. Nc4 Rc6 38. Nd6 Rc7 39. Rd4 $36 {[%mdl 2048] Black is under strong pressure.} h5 (39... Nxd7 $16 40. Nxe4 Ke7) 40. Nxe4 $18 Nxe4 41. Rxe4 {[%mdl 4096] Endgame Black must now prevent Re8+. KRB-KRB} Be7 42. Rd4 Bd8 43. Bf1 Rc6 44. Re4 Be7 45. Ra4 Rd6 46. Rxa6 Rxd7 47. a4 h4 48. g4 ({Better is} 48. a5 $18) 48... h3 $16 49. Rc6 Rd2 50. Rc4 Bh4 (50... Ra2 $142 51. Bxh3 Bh4) 51. Rf4 (51. Bxh3 $6 Bxf2+ 52. Kh1 Bxe3 $11) 51... Ra2 {[#]} (51... Kg7 $16 {was necessary.} 52. a5 (52. Bxh3 Bg5 $18) 52... f6) 52. Rxf7+ $1 $18 {[%mdl 512]} Ke8 (52... Kxf7 53. Bc4+) 53. Rf3 Ke7 54. Rf7+ Ke8 $1 55. Rf4 g5 $2 (55... Ra1 {is a better defense.} 56. Rf3 Ra2) 56. Rf5 Ra1 57. a5 {[%cal Ba4a5,Ba5a6][%mdl 32]} Kd7 58. a6 Ke7 59. f4 gxf4 60. Rxf4 Bg5 61. Rf3 Ra4 62. Rxh3 Rxg4+ $2 (62... Ra2 63. e4 Bf6) 63. Rg3 {White is clearly winning.} Bxe3+ 64. Kg2 Rxg3+ 65. hxg3 {Precision: White = 73%, Black = 47%.} 1-0

[Event "RUS-chT Premier League 2018"]
[Site "Sochi"]
[Date "2018.05.03"]
[Round "3"]
[White "Malakhov, Vladimir"]
[Black "Kobalia, Mikhail"]
[Result "0-1"]
[WhiteElo "2689"]
[BlackElo "2601"]
[Annotator "TA"]
[PlyCount "116"]
[EventDate "2018.??.??"]
[EventCountry "RUS"]
[SourceTitle "playchess.com"]
[Source "ChessBase"]
[SourceQuality "1"]

{[%evp 18,116,25,35,29,33,27,33,40,25,37,31,33,31,45,37,25,10,15,-21,-14,-42,-50,-123,-77,-125,-125,-138,-135,-182,-182,-189,-178,-204,-197,-176,-180,-185,-179,-176,-170,-196,-169,-174,-182,-183,-183,-185,-174,-195,-171,-188,-179,-164,-193,-175,-188,-169,-187,-220,-210,-275,-273,-279,-216,-251,-243,-276,-278,-259,-257,-250,-243,-259,-243,-241,-225,-276,-276,-292,-292,-295,-287,-361,-316,-316,-316,-424,-424,-424,-416,-402,-358,-846,-820,-766,-534,-959,-899,-29966,-29966]} 1. e4 c5 2. Nf3 d6 3. d4 cxd4 4. Nxd4 Nf6 5. Nc3 a6 6. g3 e5 7. Nde2 Be7 8. Bg2 O-O 9. a4 Nbd7 10. O-O {LiveBook: 40 Games} Nc5 {B91: Sicilian Najdorf: 6 g3} (10... b6 11. Nd5 Nxd5 12. Qxd5 Qc7 13. Nc3 Bb7 14. Qd3 Nf6 15. Bg5 Ng4 16. Bd2 Nf6 17. Bg5 Ng4 18. Bd2 h6 {½-½ (32) Bartel,M (2609)-Navara,D (2737) Batumi 2018}) 11. Bg5 Be6 12. Bxf6 Bxf6 {White is slightly better.} 13. Nd5 Bg5 $146 ({Predecessor:} 13... Rc8 14. Nec3 Nd7 15. a5 Rc6 16. h4 g6 17. Qe2 Bg7 18. Rfd1 {1-0 (40) Roy Laguens,A (2167)-Torrijos Alhambra,J (2158) ICCF email 2013}) 14. Nec3 Rc8 15. a5 Nd7 {[%cal Bc5d7,Bd7b8,Bb8c6][%mdl 32]} 16. Qe2 Nb8 17. Nb6 Rc5 18. Rfd1 Nc6 19. Nca4 Rxa5 {Strongly threatening ...Nd4.} 20. c4 (20. h4 $15 Bh6 21. Qd3) 20... Qb8 21. b3 Bd8 22. Rab1 Nd4 23. Rxd4 exd4 24. b4 {[#]} Bxb6 $1 {[%mdl 512]} 25. Nxb6 Ra3 {Threatens to win with ...Qc7.} 26. Qd2 Qc7 27. Qxd4 a5 28. bxa5 Rxa5 29. f4 Rc5 {[%cal Re6c4]} 30. Bf1 {[#]} f6 $1 31. h4 Rd8 32. Qd2 Bf7 33. Kh2 Re8 34. Bd3 Qc6 35. Rb2 Bg6 36. Bc2 {[#]} Qc7 $1 37. f5 Bf7 38. Kh3 h6 39. Qd4 Ra5 40. Bd3 Re7 41. Rb3 Qc6 42. Bb1 Rae5 43. Re3 {[%cal Bb3e3,Be3e2,Be2b2][%mdl 32]} Kh8 44. Bd3 Qc7 45. Re2 Rc5 46. Rb2 Qc6 47. Kh2 Ra5 {[%cal Bc5a5,Ba5a3,Ba3f3][%mdl 32]} 48. Kh3 Ra3 49. Kh2 Re5 50. Bb1 Rc5 {[%cal Rf7c4]} 51. Bd3 Rca5 52. Bb1 Rf3 53. Nd5 Bxd5 54. exd5 Qc5 55. Qe4 $2 (55. Qxc5 Rxc5 56. Kg2) 55... Re3 $19 56. Qg4 Re7 57. Bd3 Ra1 58. Bb1 Re1 {Precision: White = 32%, Black = 82%.} 0-1

[Event "RUS-chT Premier League 2018"]
[Site "Sochi"]
[Date "2018.05.03"]
[Round "3"]
[White "Najer, Evgeniy"]
[Black "Stupak, Kirill"]
[Result "1-0"]
[WhiteElo "2674"]
[BlackElo "2556"]
[Annotator "TA"]
[PlyCount "95"]
[EventDate "2018.??.??"]
[EventCountry "RUS"]
[SourceTitle "playchess.com"]
[Source "ChessBase"]
[SourceQuality "1"]

{[%evp 21,95,22,33,0,12,0,47,0,49,49,49,43,63,56,59,64,66,56,56,57,68,66,112,112,108,102,184,122,197,167,185,0,0,0,152,167,191,151,508,510,491,360,347,342,316,341,837,116,117,116,116,116,133,116,125,117,117,133,145,154,141,137,133,133,179,186,198,189,322,323,414,425,487,470,468,440]} 1. e4 e6 2. d4 d5 3. Nc3 Bb4 4. e5 c5 5. a3 Bxc3+ 6. bxc3 Qa5 7. Bd2 Qa4 8. Qg4 g6 9. Bd3 {C18: French: 3 Nc3 Bb4: Main line: 7 h4 and 7 Qg4} (9. Nf3 Nc6 10. Be2 b6 11. O-O cxd4 12. Nxd4 Nxd4 13. cxd4 Ba6 14. Bxa6 Qxa6 15. c4 Ne7 16. Bb4 Qb7 17. Bxe7 Qxe7 18. cxd5 exd5 {1-0 (50) Bobras,P (2523)-Socko,B (2613) Bialystok 2016}) 9... Nc6 10. Nf3 c4 11. Be2 Bd7 {LiveBook: 3 Games} 12. Qf4 h6 13. Ra2 Rh7 14. Qh4 $146 ({Predecessor:} 14. h4 O-O-O 15. Nh2 Re8 16. h5 g5 {1-0 (44) Shyam,S (2484)-Krishna,C (2327) Chennai 2012}) 14... Nge7 15. Ng5 Rh8 16. Bg4 Qa5 17. O-O Ng8 18. Rb1 b6 19. Nf3 Qa4 20. Bg5 Rh7 21. Re1 Rg7 22. Bf6 $1 {[%cal Rf6g7]} (22. Bxh6 $2 Rh7 $19) 22... Nxf6 23. exf6 (23. Qxf6 $6 Kf8 $11) 23... Rh7 (23... Rg8 $16) 24. Qh3 ({White should try} 24. Ng5 $1 $18 {[%cal Rg5h7]} Rh8 25. Bxe6 $1 {[%mdl 512]} Bxe6 26. Nxe6 fxe6 27. Rxe6+ Kd7 28. Qg4) 24... Rh8 (24... O-O-O $16) 25. Ng5 $1 $18 {[%cal Rg5f7]} Nd8 26. Nf3 $2 ({White has to play} 26. f4 $1 $18) 26... Nc6 $11 27. Ng5 $2 (27. Nd2 $11) 27... Nd8 $16 28. f4 $1 Kf8 29. Nf3 $1 Nc6 $2 (29... Nb7 $16) 30. Qg3 $18 Rd8 {[#]} 31. f5 $1 {[%mdl 512]} exf5 32. Qc7 {Black must now prevent Re7!} Kg8 (32... fxg4 $2 33. Ne5 $18) 33. Re7 ({Stronger than} 33. Ne5 Nxe5 $1 {[%mdl 512]} 34. Rxe5 (34. Qxd8+ Kh7 $15) 34... Rc8 $15) 33... Be8 $2 ({Of course not} 33... fxg4 34. Ne5 $18 (34. Rxd7 Rf8 $16)) (33... Nxe7 34. Qxd8+ Kh7 35. Qxe7 Be6) 34. Bxf5 $2 (34. Ne5 $18 {and the rest is easy.} Nxe7 35. Qxd8) 34... Nxe7 $16 35. Qxe7 gxf5 36. Qxd8 {aiming for Ne5.} Qd7 37. Qb8 {Intending Qg3+ and mate.} Kh7 {[#]} 38. Ra1 $1 Qc6 39. Qe5 $40 {[%mdl 128] White wants a kill.} Bd7 40. Qe7 {[%cal Re7f7]} Be6 41. Ne5 Qe8 42. Qxa7 Qb8 43. Qxb8 Rxb8 44. Kf2 f4 (44... b5 $142 45. Nc6 Rb6) 45. Kf3 $18 Rg8 46. a4 Bf5 47. Kxf4 Bxc2 48. Nd7 {Precision: White = 74%, Black = 41%.} 1-0

[Event "RUS-chT Premier League 2018"]
[Site "Sochi"]
[Date "2018.05.03"]
[Round "3"]
[White "Paravyan, David"]
[Black "Inarkiev, Ernesto"]
[Result "1/2-1/2"]
[WhiteElo "2631"]
[BlackElo "2680"]
[Annotator "TA"]
[PlyCount "81"]
[EventDate "2018.??.??"]
[EventCountry "RUS"]
[SourceTitle "playchess.com"]
[Source "ChessBase"]
[SourceQuality "1"]

{[%evp 15,81,28,30,0,0,0,7,0,0,0,5,0,0,0,0,-20,0,0,14,0,0,0,0,0,0,0,0,0,0,0,0,0,0,0,0,0,0,-31,0,0,9,0,58,47,45,28,40,44,37,6,6,6,8,8,7,8,8,8,28,0,0,0,0,0,0,0,0,0]} 1. e4 e5 2. Nf3 Nc6 3. Bb5 a6 4. Ba4 Nf6 5. O-O Be7 6. d3 d6 7. c3 O-O 8. Nbd2 Re8 9. d4 {C77: Ruy Lopez: 3...a6 4 Ba4 Nf6, unusual lines} b5 10. Bc2 exd4 11. cxd4 Bg4 {White should prevent ...Nxd4!} 12. h3 Bh5 $1 13. g4 {[#]} Nxg4 $146 ({Predecessor:} 13... Bg6 14. Re1 h5 15. e5 Bxc2 16. Qxc2 Nb4 {0-1 (77) Dominguez Perez,L (2751)-Svidler,P (2732) Baku 2014}) 14. hxg4 Bxg4 {[#] Threatens to win with ...Nxd4!} 15. Nb3 Qd7 {And now ...Bh5 would win.} 16. Kh2 Qe6 17. Be3 Qg6 18. Rh1 d5 19. e5 Bxf3 $1 {[%csl Gf3][%cal Rg6g2]} 20. Bxg6 Bxd1 21. Bxh7+ Kxh7 22. Raxd1 Nd8 23. Kg3+ Kg6 24. Rdg1 {White threatens Kf4+ and mate.} Ne6 25. Kf3+ Kf5 26. Na5 {White wants to play Rh5+.} c5 27. Nc6 {Black must now prevent dxc5.} Bg5 28. dxc5 {Strongly threatening Bxg5.} Bxe3 ({Better is} 28... Rac8 $11 29. Nd4+ Nxd4+ 30. Bxd4 Rh8) 29. Kxe3 $14 {Hoping for Rh5+.} Rac8 30. Rh5+ g5 31. Nd4+ Kxe5 {[#]} 32. f4+ $1 {[%mdl 512]} Nxf4 33. Rgxg5+ Kf6+ 34. Kxf4 Re4+ 35. Kf3 Rxd4 36. Rxd5 $11 {KRR-KRR} Rc4 37. a3 a5 {The position is equal.} 38. Rhf5+ Kg6 39. Rg5+ Kf6 40. Rgf5+ Kg6 41. Rg5+ {Precision: White = 61%, Black = 65%.} 1/2-1/2

[Event "RUS-chT Premier League 2018"]
[Site "Sochi"]
[Date "2018.05.03"]
[Round "3"]
[White "Zvjaginsev, Vadim"]
[Black "Lomasov, Semen"]
[Result "1-0"]
[WhiteElo "2625"]
[BlackElo "2550"]
[Annotator "TA"]
[PlyCount "107"]
[EventDate "2018.??.??"]
[EventCountry "RUS"]
[SourceTitle "playchess.com"]
[Source "ChessBase"]
[SourceQuality "1"]

{[%evp 11,107,23,41,40,40,23,38,30,22,5,29,28,29,8,16,0,0,0,10,0,0,0,0,-4,0,2,16,7,16,0,10,0,14,9,29,44,46,46,82,22,18,16,47,46,73,74,74,74,74,75,117,80,125,125,125,116,125,123,125,109,130,125,292,267,350,345,516,522,510,509,547,533,529,535,539,539,621,621,618,610,600,592,564,548,722,726,715,720,701,673,687,687,1163,900,2267,1932,5319,3565]} 1. Nf3 Nf6 2. g3 b6 3. Bg2 Bb7 4. O-O c5 5. d3 d6 6. e4 {A04: Unusual lines after 1 Nf3 and King's Indian Attack} Nbd7 {LiveBook: 24 Games} (6... e6 7. Re1 Be7 8. Nbd2 O-O 9. c3 Nc6 10. a3 Rc8 11. d4 cxd4 12. cxd4 b5 13. e5 Nd5 14. Ne4 b4 15. Qd3 dxe5 16. dxe5 Nb6 17. Nd6 Rc7 {0-1 (37) Amin,B (2689)-Vachier Lagrave,M (2789) Riadh 2017}) 7. Nfd2 e6 8. Re1 {White is slightly better.} Qc7 9. Nc3 a6 10. a4 Be7 11. Nc4 O-O 12. Bf4 $146 ({Predecessor:} 12. f4) 12... Ne5 13. Bg5 h6 14. Bd2 Rad8 15. Ne3 Nc6 16. Ne2 Rfe8 17. Nf4 Bf8 18. c3 Ne7 19. c4 Nc6 20. Bc3 {Bxf6 is the strong threat.} Nd7 21. Ne2 Qb8 22. f4 {[%cal Bf2f4,Bf4f5][%mdl 32]} Ba8 23. f5 e5 24. Bd2 b5 25. b3 ({White should try} 25. axb5 $16 axb5 26. b3) 25... bxc4 $11 26. bxc4 Nb4 27. Bc1 a5 28. Nc3 Be7 29. Rb1 Nf6 30. Rb2 Nh7 31. h4 Bc6 32. Bf1 Rd7 33. Ree2 Qd8 34. Rh2 Rb7 35. Qe1 Qd7 36. g4 {[%cal Bg3g4,Bg4g5][%mdl 32]} Bxa4 $2 {[#]} (36... f6 $16 {was called for.}) 37. g5 $1 $18 {[%mdl 512]} Bf8 (37... hxg5 38. hxg5 Nxg5 39. Qe2 $18) 38. gxh6 f6 (38... Kh8 $142 39. Rbg2 Bc6) 39. Rbg2 {White is clearly winning.} Bc6 40. Rg6 Kf7 41. hxg7 Bxg7 42. Rhg2 Bf8 43. Qd1 Re7 44. Qh5 {[%csl Gh5][%cal Rg6h6]} Ke8 45. Ng4 Kd8 46. Nxf6 Nxf6 47. Rxf6 Re8 48. Bh6 Bxh6 49. Qxh6 Kc8 50. Rxd6 Qc7 51. Rgg6 Bd7 52. Rg7 Rd8 {[#]} 53. Nb5 $1 Qb8 (53... Bxb5 54. Rxc7+) 54. Bh3 {Precision: White = 73%, Black = 32%.} 1-0

[Event "RUS-chT Premier League 2018"]
[Site "Sochi"]
[Date "2018.05.03"]
[Round "3"]
[White "Romanov, Evgeny"]
[Black "Svidler, Peter"]
[Result "1/2-1/2"]
[WhiteElo "2619"]
[BlackElo "2760"]
[Annotator "TA"]
[PlyCount "79"]
[EventDate "2018.??.??"]
[EventCountry "RUS"]
[SourceTitle "playchess.com"]
[Source "ChessBase"]
[SourceQuality "1"]

{[%evp 20,79,50,46,42,30,40,29,31,0,3,0,16,0,8,-11,-25,-11,-10,-20,-19,-22,-24,-22,0,-74,-65,-55,-47,-60,-50,-43,-60,-33,-18,-33,0,0,37,27,38,25,22,0,0,0,0,0,0,-6,-2,-16,-9,-20,0,0,0,0,0,0,3,0]} 1. d4 Nf6 2. Bg5 Ne4 3. Bf4 c5 4. f3 Qa5+ 5. c3 Nf6 6. Nd2 cxd4 7. Nb3 Qb6 8. Qxd4 Nc6 9. Qxb6 axb6 10. Nd4 Ra5 {A45: Trompowsky Attack} (10... e5 11. Nxc6 exf4 12. Nd4 d5 13. g3 Bd6 14. Kf2 Nh5 15. gxf4 Nxf4 16. e3 Ne6 17. Bb5+ Kf8 18. Nge2 g6 {1-0 (61) Vitiugov,N (2726)-Adhiban,B (2666) Doha 2016}) 11. b4 {LiveBook: 3 Games} Ra4 12. e4 Nxd4 {White has an edge.} 13. cxd4 e6 14. Bb5 Rxb4 $146 ({Predecessor:} 14... Bxb4+ 15. Kf1 Ra8 16. Ne2 O-O 17. a4 d5 18. e5 {0-1 (27) Andreazza,A (1976)-Benassi,A (2060) IECG email 1999}) 15. a4 {[#] Strongly threatening Rc1.} Rxd4 16. Ne2 Rb4 17. Kd2 Bc5 18. Kc2 Ke7 19. Bd2 d5 20. Bxb4 Bxb4 21. Kb3 Bc5 22. e5 (22. exd5 $11 Nxd5 23. Nc3) 22... Nd7 $17 23. f4 Rg8 24. g3 g5 25. Rhe1 Be3 26. Kc2 Nc5 27. Ra3 d4 28. Rd1 gxf4 29. Nxd4 f6 30. gxf4 Bxf4 31. exf6+ {The position is equal.} Kxf6 32. Ne2 e5 33. Nxf4 exf4 34. Rf3 Bf5+ 35. Kc3 Ke5 36. Bc4 Rc8 37. Kb4 Na6+ 38. Kc3 Nc5 39. Kb4 Na6+ 40. Kc3 {Precision: White = 66%, Black = 84%.} 1/2-1/2